| 000 | 00464nam a2200169Ia 4500 | ||
|---|---|---|---|
| 003 | GCL | ||
| 008 | 140319s9999 xx 000 0 eng d | ||
| 040 |
_aGCL / _cGCL |
||
| 082 | 0 | 4 |
_a101 _bM C |
| 100 | 1 | _aMACHEREY, PIERRE | |
| 245 | 1 | 0 |
_aCOMTE LA PHILOSOPLUE ET LES SCIENCES / _cMACHEREY, PIERRE |
| 260 |
_a[S.N] : _bPRESSES UNIVERSITAIRES DE FRANCE ، _c1989 |
||
| 300 | _a125 P | ||
| 650 | 0 | 4 | _aPHILOSOPHY |
| 650 | 0 | 4 | _aPHILOSOPHY - SCIENCE |
| 942 |
_2ddc _cBK |
||
| 999 |
_c15200 _d15200 |
||